[Event "Titled Tue 10th Jun Late"]
[Site "chess.com INT"]
[Date "2025.06.10"]
[Round "3"]
[White "Krzywda, Andrzej"]
[Black "Zieba, Hubert"]
[Result "0-1"]
[WhiteTitle "CM"]
[BlackTitle "CM"]
[WhiteElo "2175"]
[BlackElo "2233"]
[WhiteFideId "1114565"]
[BlackFideId "21844704"]
[EventDate "2025.06.10"]

1. e4 c5 2. Nf3 Nc6 3. d4 cxd4 4. Nxd4 e6 5. Bf4 Nf6 6. Nxc6 bxc6 7. Bd3 d5 8.
Nd2 Be7 9. O-O O-O 10. Re1 Nd7 11. e5 Nc5 12. Bf1 Qb6 13. Rb1 Ba6 14. c4 Rfd8
15. b4 Nd7 16. b5 cxb5 17. cxb5 Bb7 18. Nf3 Nc5 19. Nd4 Ne4 20. Be3 Nc3 21. Nc6
Bc5 22. Bxc5 Qxc5 23. Rc1 Bxc6 24. bxc6 d4 25. Qh5 Qxc6 26. Bd3 g6 27. Qh6 Rac8
28. h4 Qc5 29. h5 Qf8 30. Qg5 Qg7 31. h6 Qf8 32. a3 Nd5 33. Be4 Qe7 34. Qd2 Rxc1
35. Rxc1 Nc3 36. Qd3 Nxe4 37. Qxe4 d3 38. Rd1 d2 39. Qe3 Qd7 40. g3 Qd4 41. Qg5
Kf8 42. Qf6 Ke8 43. Qh8+ Kd7 44. Qxh7 Kc8 45. Qxf7 Qxe5 0-1

[Event "Titled Tue 10th Jun Late"]
[Site "chess.com INT"]
[Date "2025.06.10"]
[Round "3"]
[White "Vlassov, Nikolai"]
[Black "Alvarado, Carlos"]
[Result "1-0"]
[WhiteTitle "IM"]
[BlackTitle "CM"]
[WhiteElo "2291"]
[BlackElo "2032"]
[WhiteFideId "4103360"]
[BlackFideId "3800555"]
[EventDate "2025.06.10"]

1. e4 c6 2. d4 d5 3. f3 e6 4. Nc3 Bb4 5. Bf4 Ne7 6. h4 Nd7 7. h5 h6 8. Qd2 Nf6
9. e5 Nd7 10. a3 Ba5 11. b4 Bc7 12. Bd3 a5 13. Rb1 b5 14. Nce2 axb4 15. axb4 Nb6
16. c3 Nc4 17. Qd1 Bd7 18. Bc1 O-O 19. f4 f6 20. exf6 Rxf6 21. Nf3 Nf5 22. Kf2
Ra2 23. g4 Nfd6 24. Qb3 Qa8 25. Ne5 Nxe5 26. dxe5 Bb6+ 27. Kg3 Rxe2 28. Bxe2
Ne4+ 29. Kg2 Rf7 30. Bf3 c5 31. bxc5 Nxc5 32. Qc2 Bc6 33. Rf1 Ne4 34. Rb3 Qd8
35. Qe2 Qh4 36. Qe1 Bf2 37. Rxf2 Qg3+ 38. Kf1 Nxf2 39. Qxf2 Qh3+ 40. Kg1 Rb7 41.
Qg2 Qh4 42. Qf2 Qh3 43. Be3 Rb8 44. Bd4 Ra8 45. Rb1 1-0

[Event "Titled Tue 10th Jun Late"]
[Site "chess.com INT"]
[Date "2025.06.10"]
[Round "3"]
[White "Loskutova, Viktoriya"]
[Black "Klevansky, Aron"]
[Result "1-0"]
[WhiteTitle "WFM"]
[BlackTitle "CM"]
[WhiteElo "2092"]
[BlackElo "1930"]
[WhiteFideId "34166278"]
[BlackFideId "14313332"]
[EventDate "2025.06.10"]

1. e4 c5 2. Nf3 Nc6 3. Bb5 d6 4. O-O Bd7 5. Re1 a6 6. Bf1 Bg4 7. c3 g6 8. d4
Bxf3 9. gxf3 Bg7 10. d5 Ne5 11. f4 Nd7 12. Nd2 Nh6 13. Nf3 O-O 14. e5 Nf5 15. e6
Nf6 16. exf7+ Rxf7 17. Ng5 Qd7 18. Nxf7 Kxf7 19. Bh3 Rf8 20. Re6 Nxd5 21. Re1 e6
22. Be3 Bh6 23. Qg4 Qa4 24. b3 Qe4 25. Bg2 Qc2 26. Bxd5 exd5 27. Rad1 Qxc3 28.
Qf3 d4 29. Qd5+ Kg7 30. Rc1 Qb4 31. a3 Qb6 32. Bd2 Rf7 33. b4 Nh4 34. bxc5 dxc5
35. Rb1 Qf6 36. Rxb7 Bxf4 37. Rxf7+ Qxf7 38. Qxf7+ Kxf7 39. Bxf4 Nf3+ 40. Kf1
Nxe1 41. Kxe1 Ke6 42. Kd2 Kd5 43. Bb8 c4 44. Ba7 a5 45. Bb6 a4 46. Ba5 g5 47. h3
h5 48. f3 1-0

[Event "Titled Tue 10th Jun Late"]
[Site "chess.com INT"]
[Date "2025.06.10"]
[Round "3"]
[White "Lissillour, Baptiste"]
[Black "Sobek, Jaroslav"]
[Result "1-0"]
[WhiteTitle "FM"]
[BlackTitle "FM"]
[WhiteElo "2312"]
[BlackElo "2195"]
[WhiteFideId "45179620"]
[BlackFideId "301388"]
[EventDate "2025.06.10"]

1. d4 Nf6 2. c4 e5 3. dxe5 Ng4 4. Nf3 Bc5 5. e3 Nc6 6. Nc3 Ngxe5 7. Nxe5 Nxe5 8.
Be2 O-O 9. O-O a5 10. b3 Ra6 11. Bb2 Rh6 12. g3 d6 13. Qd2 Bg4 14. Ne4 Bb6 15.
Bxe5 Bxe2 16. Qxe2 dxe5 17. c5 Ba7 18. Rad1 Qe7 19. Qb5 Qe6 20. Qd7 Qg6 21. f3
Qh5 22. Rf2 b6 23. Qxc7 Bb8 24. Qxb6 Rxb6 25. cxb6 Qg6 26. b7 Qb6 27. Re2 Qxb7
28. Kg2 h5 29. h4 Qb6 30. Nc3 Ba7 31. Nd5 Qc5 32. a4 Qa3 33. Rd3 Qa1 34. f4 Rb8
35. fxe5 Qb1 36. Nf4 Re8 37. e6 fxe6 38. Rd7 Bxe3 39. Rxe3 Qa1 40. Re2 Qb2 41.
Rxb2 Rb8 42. Re2 Rxb3 43. Rxe6 Rb4 44. Ree7 Rxa4 45. Rxg7+ Kf8 46. Ne6+ 1-0

[Event "Titled Tue 10th Jun Late"]
[Site "chess.com INT"]
[Date "2025.06.10"]
[Round "3"]
[White "Robert, Yoann"]
[Black "Olund, Joar"]
[Result "0-1"]
[WhiteTitle "CM"]
[BlackTitle "FM"]
[WhiteElo "2203"]
[BlackElo "2369"]
[WhiteFideId "36018805"]
[BlackFideId "1714848"]
[EventDate "2025.06.10"]

1. Nf3 d5 2. e3 Nf6 3. c4 dxc4 4. Bxc4 e6 5. O-O c5 6. b3 Nc6 7. Bb2 Be7 8. d4
cxd4 9. Nxd4 Bd7 10. Qe2 Nxd4 11. Bxd4 Bc6 12. Nd2 O-O 13. Nf3 Bd5 14. Rac1 Qa5
15. Ne5 Rfd8 16. Bd3 Be4 17. Bxe4 Nxe4 18. Qg4 Nf6 19. Qe2 Nd7 20. Nc4 Qa6 21.
Qg4 Bf8 22. a4 b5 23. axb5 Qxb5 24. Rb1 a5 25. h4 a4 26. Nd6 Qd5 27. Ne4 f5 28.
Qg3 Qxe4 29. bxa4 e5 30. Bc3 f4 31. exf4 exf4 32. Qg4 h5 33. Qxh5 f3 34. g3 Rac8
35. Ba1 Rc5 36. Rbe1 Qxe1 37. Rxe1 Rxh5 38. Re3 Ra5 39. Rxf3 Rxa4 40. Bc3 Rc4
41. Kg2 Nc5 42. Ba5 Ra8 43. Bc7 Ne4 44. Bf4 Ra2 45. Be3 Bc5 46. Bxc5 Nxc5 47.
Re3 Ne4 48. Kh3 Nxf2+ 49. Kg2 Ng4+ 50. Kh3 Rh2# 0-1

[Event "Titled Tue 10th Jun Late"]
[Site "chess.com INT"]
[Date "2025.06.10"]
[Round "3"]
[White "Tanriverdi, Enes"]
[Black "Suleymanli, Aydin"]
[Result "0-1"]
[WhiteTitle "IM"]
[BlackTitle "GM"]
[WhiteElo "2413"]
[BlackElo "2608"]
[WhiteFideId "34543279"]
[BlackFideId "13413937"]
[EventDate "2025.06.10"]

1. e4 c5 2. Nf3 e6 3. b3 d6 4. Bb2 Nf6 5. Bd3 Nc6 6. a3 e5 7. h3 g5 8. b4 cxb4
9. axb4 Nxb4 10. Bb5+ Bd7 11. Bxd7+ Nxd7 12. d4 Bg7 13. O-O O-O 14. Na3 Nc6 15.
c3 Nb6 16. Bc1 h6 17. Be3 d5 18. dxe5 dxe4 19. Nd2 Nxe5 20. Nxe4 Nec4 21. Nxc4
Nxc4 22. Bxa7 b6 23. Qb3 Qc7 24. Qb5 Rfe8 25. Ng3 Re5 26. Qb4 Bf8 27. Qb3 Nd2
28. Qxb6 Re7 29. Qxc7 Rxc7 30. Be3 Nxf1 31. Rxa8 Nxg3 32. fxg3 Rxc3 33. Bd4 Rc4
34. Bf6 Re4 35. Kf2 Re6 36. Bd4 Rc6 37. Kf3 f6 38. Ke4 Kf7 39. Kd5 Rd6+ 40. Ke4
Be7 41. Ra7 Re6+ 42. Kf5 Re2 43. Kg4 Kg6 0-1

[Event "Titled Tue 10th Jun Late"]
[Site "chess.com INT"]
[Date "2025.06.10"]
[Round "3"]
[White "Dauer, Andre Leonardo"]
[Black "Marchesich, Giovanni"]
[Result "1-0"]
[WhiteTitle "CM"]
[BlackTitle "CM"]
[WhiteElo "2138"]
[BlackElo "2189"]
[WhiteFideId "2126915"]
[BlackFideId "2824790"]
[EventDate "2025.06.10"]

1. e4 f6 2. d4 g6 3. Nc3 Nh6 4. f3 Nf7 5. Be3 Bg7 6. Qd2 O-O 7. h4 h6 8. Bc4 e6
9. O-O-O c6 10. g4 d5 11. Bd3 b5 12. g5 fxg5 13. hxg5 Nxg5 14. e5 b4 15. Nce2 c5
16. Bxg6 Nc6 17. f4 cxd4 18. Nxd4 Nxd4 19. Qxd4 Nf7 20. Nf3 Ba6 21. f5 exf5 22.
Bxf5 Be2 23. Rdf1 Bxf3 24. Rxf3 Nxe5 25. Be6+ Kh7 26. Rxf8 Qxf8 27. Qxd5 Rd8 28.
Qe4+ Kh8 29. Bxh6 Bxh6+ 30. Kb1 Qf6 31. Rxh6+ Qxh6 32. Qxe5+ Kh7 33. Bf5+ Kg8
34. Be6+ Kf8 35. Qf5+ Ke7 36. Qf7+ Kd6 37. Bc4 Re8 38. Qd5+ Kc7 39. Qc5+ Qc6 40.
Qxa7+ Kd6 41. Qd4+ Ke7 42. Qh4+ Kd7 43. b3 Qe4 44. Bb5+ Kc7 45. Qh2+ Qe5 46.
Qh7+ Re7 47. Qd3 Qc5 48. Kb2 Kb6 49. Bc4 Qe5+ 50. Kb1 Qe1+ 51. Kb2 Qe5+ 52. Kb1
Rg7 53. Qd1 Qh2 54. Qd4+ Ka5 55. Qxg7 1-0

[Event "Titled Tue 10th Jun Late"]
[Site "chess.com INT"]
[Date "2025.06.10"]
[Round "3"]
[White "Sabatier, Mathis"]
[Black "Yevchenko, Oleksandr"]
[Result "1/2-1/2"]
[WhiteTitle "CM"]
[BlackTitle "CM"]
[WhiteElo "2235"]
[BlackElo "2276"]
[WhiteFideId "26029685"]
[BlackFideId "14108267"]
[EventDate "2025.06.10"]

1. d4 Nf6 2. Nf3 d5 3. g3 Bf5 4. Bg2 h6 5. c4 c6 6. Qb3 Qb6 7. c5 Qxb3 8. axb3
a6 9. Nc3 Nbd7 10. b4 Rc8 11. h4 e6 12. Bf4 Be7 13. Nd2 Nh5 14. Be3 O-O 15. Nb3
e5 16. Na5 exd4 17. Bxd4 Rc7 18. O-O Bf6 19. Rfd1 Re8 20. e3 Bxd4 21. Rxd4 Nhf6
22. Rad1 Ne5 23. Na4 Bc2 24. Ra1 Be4 25. Nb6 Bxg2 26. Kxg2 Rce7 27. Re1 Ne4 28.
Na4 Nf6 29. Nc3 g6 30. e4 dxe4 31. Nxe4 Nxe4 32. Rdxe4 g5 33. f4 Ng6 34. Rxe7
Rxe7 35. Rxe7 Nxe7 36. hxg5 hxg5 37. fxg5 Nd5 38. Nxb7 Nxb4 39. Kf3 Nd3 40. Ke4
Nxb2 41. Nd8 Na4 42. Kd4 Kg7 43. Nxc6 Kg6 44. Nb8 Kxg5 45. c6 Nb6 46. Kc5 Nc8
47. Nxa6 Kg4 48. c7 f5 49. Nb4 Kxg3 50. Nd5 f4 51. Nxf4 Kxf4 52. Kc6 Ke5 53. Kd7
Nd6 54. c8=Q Nxc8 1/2-1/2

[Event "Titled Tue 10th Jun Late"]
[Site "chess.com INT"]
[Date "2025.06.10"]
[Round "3"]
[White "Kilic, Eray"]
[Black "Brodowski, Piotr"]
[Result "0-1"]
[WhiteTitle "IM"]
[BlackTitle "IM"]
[WhiteElo "2474"]
[BlackElo "2452"]
[WhiteFideId "44517173"]
[BlackFideId "1124480"]
[EventDate "2025.06.10"]

1. e4 g6 2. d4 Bg7 3. Nc3 a6 4. f4 b5 5. Nf3 Bb7 6. Bd3 d6 7. Qe2 e6 8. e5 d5 9.
a4 b4 10. Nd1 Nd7 11. a5 c5 12. dxc5 Nxc5 13. Be3 Qc7 14. Nf2 Ne7 15. Qd2 b3 16.
O-O O-O 17. Rac1 Nxd3 18. cxd3 Qd7 19. Bb6 Rac8 20. Nd4 f6 21. exf6 Bxf6 22.
Nxb3 Nf5 23. Ng4 Bg7 24. Ne5 Bxe5 25. fxe5 d4 26. Nc5 Qd5 27. b4 Ba8 28. Ne4
Rxc1 29. Rxc1 Qxe5 30. Bc7 Qg7 31. Ng5 Qd7 32. Be5 Ne3 33. h3 Qd5 34. Nf3 Rxf3
35. gxf3 Qxe5 36. Rc8+ Kg7 37. Qh2 Qg5+ 38. Kf2 Bd5 39. Qc7+ Kh6 40. Rh8 Qh4+
41. Qg3 Nd1+ 42. Kg2 Ne3+ 43. Kf2 Qf6 44. Re8 Nf5 45. Qf4+ g5 46. Qc7 Ng7 47.
Rg8 Qxf3+ 48. Ke1 Qe3+ 49. Kd1 Bb3+ 0-1

[Event "Titled Tue 10th Jun Late"]
[Site "chess.com INT"]
[Date "2025.06.10"]
[Round "3"]
[White "Rees, Ioan"]
[Black "Yushko, Olga"]
[Result "0-1"]
[WhiteTitle "FM"]
[BlackTitle "WFM"]
[WhiteElo "2280"]
[BlackElo "2033"]
[WhiteFideId "1801236"]
[BlackFideId "14114500"]
[EventDate "2025.06.10"]

1. Nf3 Nf6 2. g3 e6 3. Bg2 d5 4. d3 Be7 5. O-O O-O 6. Nbd2 Nbd7 7. e4 e5 8. exd5
Nxd5 9. Re1 Bd6 10. Nc4 Re8 11. Nxd6 cxd6 12. Nxe5 Nxe5 13. Bxd5 Bg4 14. Qd2 Qf6
15. f4 Nf3+ 16. Bxf3 Bxf3 17. c3 Rxe1+ 18. Qxe1 Qf5 19. Qf1 Bc6 20. c4 b5 21. b3
bxc4 22. bxc4 d5 23. Qf3 Rc8 24. Rb1 g5 25. g4 Qe6 26. f5 dxc4 27. fxe6 Bxf3 28.
exf7+ Kxf7 29. dxc4 Rxc4 30. Bxg5 Rxg4+ 31. Kf2 Bd5 32. Be3 Rg2+ 33. Kf1 Rxa2
34. Rd1 Be6 35. Bf4 a6 36. Bg3 h5 37. Rb1 a5 38. Rb5 Kg6 39. Rb6 Kf5 40. Ke1
Ra1+ 41. Kd2 a4 42. Kc2 a3 43. Rb5+ Kg6 44. Be5 Rh1 45. Ra5 a2 46. Kb2 Re1 47.
Bg3 Re2+ 48. Ka1 Rc2 49. Ra6 Kf5 50. Ra5+ Kg4 51. Ra4+ Kf3 52. Rf4+ Kg2 53. Rh4
Rc1+ 54. Kb2 a1=Q# 0-1

[Event "Titled Tue 10th Jun Late"]
[Site "chess.com INT"]
[Date "2025.06.10"]
[Round "3"]
[White "Davtyan, Artur"]
[Black "Tang, Andrew"]
[Result "0-1"]
[WhiteTitle "IM"]
[BlackTitle "GM"]
[WhiteElo "2472"]
[BlackElo "2529"]
[WhiteFideId "13308327"]
[BlackFideId "2059630"]
[EventDate "2025.06.10"]

1. d4 d5 2. c4 e6 3. Nc3 Be7 4. cxd5 exd5 5. Bf4 c6 6. e3 Bf5 7. Nge2 Nd7 8. Ng3
Bg6 9. Bd3 Bxd3 10. Qxd3 g5 11. Be5 f6 12. f4 fxe5 13. fxe5 Nf8 14. Nh5 Ne6 15.
O-O Qd7 16. a3 O-O-O 17. b4 Kb8 18. Na4 Qe8 19. Qe2 Nh6 20. Nc5 Nxc5 21. bxc5
Rf8 22. Rxf8 Qxf8 23. Rb1 Ka8 24. Qb2 Rb8 25. Rf1 Qe8 26. Qe2 Qg6 27. Ng3 Rf8
28. Rxf8+ Bxf8 29. h3 Be7 30. e4 g4 31. exd5 cxd5 32. Qb5 Qc6 33. Qd3 Qg6 34.
Qb5 a6 35. Qd7 Bh4 36. Nf1 gxh3 37. Qxh3 Qg4 38. Qd3 Nf5 39. e6 Qxd4+ 40. Qxd4
Nxd4 41. g3 Be7 42. Ne3 Bxc5 43. Nxd5 Nxe6+ 44. Kg2 Bxa3 45. Kf3 Ka7 46. Ke4 Bc5
47. Ke5 Nd4 48. g4 a5 49. Nc3 Nc6+ 50. Kd5 Bb4 51. Ne4 a4 52. Kc4 a3 53. Kb3 Be7
54. Ng3 Ka6 55. Nf5 Bf8 56. g5 b5 57. Nh4 b4 58. Nf3 Kb5 0-1

[Event "Titled Tue 10th Jun Late"]
[Site "chess.com INT"]
[Date "2025.06.10"]
[Round "3"]
[White "Liu, Jason"]
[Black "Erdogan, Anil Berk"]
[Result "1-0"]
[WhiteTitle "CM"]
[BlackTitle "CM"]
[WhiteElo "2125"]
[BlackElo "2091"]
[WhiteFideId "2514656"]
[BlackFideId "6348173"]
[EventDate "2025.06.10"]

1. e4 c5 2. Nf3 g6 3. c3 Bg7 4. Bc4 e6 5. d4 cxd4 6. cxd4 d5 7. exd5 exd5 8.
Bb5+ Bd7 9. Qe2+ Ne7 10. O-O O-O 11. Nc3 Bxb5 12. Qxb5 Qb6 13. Bf4 Nbc6 14. Qxb6
axb6 15. Rad1 Nf5 16. a3 Nfxd4 17. Nxd4 Nxd4 18. Be3 Nc2 19. Bxb6 Nxa3 20. bxa3
Bxc3 21. Rxd5 Rxa3 22. Rd7 Rb3 23. Be3 b5 24. h4 h5 25. Rfd1 Bf6 26. g3 b4 27.
Rb7 Bc3 28. Rdd7 Rb1+ 29. Kg2 Rb2 30. Bc5 Re8 31. Rxf7 b3 32. Rfc7 Rb1 33. Rc6
b2 34. Rxg6+ Kh8 35. Rh6+ Kg8 36. Rxh5 Rg1+ 37. Kxg1 Re1+ 38. Kg2 b1=Q 39. Rxb1
Rxb1 40. Be3 Kf7 41. Rg5 Kf6 42. Rg4 Kf5 43. Rf4+ Ke5 44. h5 Bb4 45. h6 Be7 46.
Rg4 Kf5 47. Rg8 Bf6 48. h7 Ke6 49. h8=Q Bxh8 50. Rxh8 Kf7 51. Rh5 Kg6 52. Rh4
Kf5 53. Rf4+ Kg6 54. Kf3 Kh5 55. g4+ Kh4 56. Rf5 Rb5 57. Rxb5 Kh3 58. Rh5# 1-0

[Event "Titled Tue 10th Jun Late"]
[Site "chess.com INT"]
[Date "2025.06.10"]
[Round "3"]
[White "Shapiro, Daniel"]
[Black "Wu, Rochelle"]
[Result "0-1"]
[WhiteTitle "FM"]
[BlackTitle "FM"]
[WhiteElo "2284"]
[BlackElo "2211"]
[WhiteFideId "2001780"]
[BlackFideId "30908132"]
[EventDate "2025.06.10"]

1. d4 Nf6 2. c4 c6 3. Nf3 d5 4. Qb3 dxc4 5. Qxc4 Be6 6. Qc2 g6 7. Nc3 Bg7 8. Bg5
O-O 9. e3 Nbd7 10. Be2 c5 11. Bxf6 Bxf6 12. Rd1 Qa5 13. a3 cxd4 14. Nxd4 Bxd4
15. Rxd4 Rac8 16. O-O Ne5 17. Rfd1 Rc7 18. Ra4 Qc5 19. Rad4 Rfc8 20. h3 Nc6 21.
Rf4 Na5 22. Qe4 Qb6 23. Qb4 Qxb4 24. Rxb4 Kf8 25. Kf1 Bc4 26. Bxc4 Nxc4 27. Nd5
Rd7 28. e4 a5 29. Rb5 e6 30. Nc3 Rxd1+ 31. Nxd1 Nd2+ 32. Ke2 Nxe4 33. Rxa5 Rd8
34. Rb5 Rd7 35. f3 Nd6 36. Rb4 Nf5 37. Ne3 Nd4+ 38. Kf2 Nc6 39. Rb6 e5 40. b4
Nd4 41. b5 f6 42. a4 Ke7 43. a5 Ne6 44. a6 bxa6 45. bxa6 Nc5 46. Nc4 Ra7 47. Na5
Rxa6 48. Rxa6 Nxa6 49. Ke3 Nc5 50. Nc4 Ke6 51. Nd2 f5 52. Nc4 Nd7 53. Nd2 Nf6
54. Nc4 Nd5+ 55. Ke2 Nf4+ 56. Kf2 Kd5 57. h4 Kxc4 58. g3 Nd3+ 59. Ke3 Nc5 0-1

[Event "Titled Tue 10th Jun Late"]
[Site "chess.com INT"]
[Date "2025.06.10"]
[Round "3"]
[White "Deac, Bogdan-Daniel"]
[Black "Odegov, Artem"]
[Result "1-0"]
[WhiteTitle "GM"]
[BlackTitle "FM"]
[WhiteElo "2674"]
[BlackElo "2244"]
[WhiteFideId "1226380"]
[BlackFideId "34183644"]
[EventDate "2025.06.10"]

1. d4 d5 2. Nf3 e6 3. c4 Nf6 4. g3 c5 5. Bg2 cxd4 6. O-O Bc5 7. Nxd4 O-O 8. Nb3
Bb6 9. cxd5 Nxd5 10. N1d2 Nc6 11. Nc4 Bc7 12. e4 Nb6 13. Ne3 Qe7 14. Bd2 Bd7 15.
Bc3 Na4 16. Rc1 Nxc3 17. Rxc3 Rad8 18. Qe2 Be5 19. Rc4 Bb8 20. Rfc1 Ne5 21. R4c3
a6 22. Qc2 Bb5 23. Bf1 Ba7 24. Bxb5 axb5 25. Qe2 Qb4 26. Nf1 Nc4 27. R1c2 Nxb2
28. a3 Qxa3 29. Rxb2 Bd4 30. Ra2 Qxa2 31. Qxa2 Bxc3 32. Ne3 b4 33. Kg2 h6 34.
Qa7 Rd7 35. Qb6 Rc8 36. Qb5 Rdc7 37. h4 g6 38. Nc2 h5 39. Nxb4 Bxb4 40. Qxb4 Rd8
41. Qb6 Rcd7 42. Nc5 Rd2 43. e5 R8d5 44. Ne4 Rxf2+ 45. Nxf2 Rxe5 46. Qxb7 Kg7
47. Qb2 f6 48. Nd3 Rf5 49. Nf4 Kh6 50. Nxe6 Re5 51. Nf4 g5 52. hxg5+ Rxg5 53.
Qxf6+ Rg6 54. Qxg6# 1-0

[Event "Titled Tue 10th Jun Late"]
[Site "chess.com INT"]
[Date "2025.06.10"]
[Round "3"]
[White "Guliev, Gasan"]
[Black "Deng, Henry"]
[Result "0-1"]
[WhiteTitle "CM"]
[BlackTitle "FM"]
[WhiteElo "2123"]
[BlackElo "2327"]
[WhiteFideId "34165638"]
[BlackFideId "30965454"]
[EventDate "2025.06.10"]

1. d4 Nf6 2. Bg5 d5 3. c4 Ne4 4. Bf4 c6 5. Nc3 Nxc3 6. bxc3 Bf5 7. e3 e6 8. cxd5
exd5 9. Qb3 Qd7 10. c4 Na6 11. cxd5 Bb4+ 12. Kd1 Qxd5 13. Bxa6 Qxb3+ 14. axb3
bxa6 15. Rxa6 Kd7 16. Nf3 f6 17. Ke2 Rhc8 18. Rc1 Be4 19. Rca1 c5 20. Rxa7+ Rxa7
21. Rxa7+ Ke6 22. Rxg7 c4 23. bxc4 Rxc4 24. Rc7 Bc6 25. Kd3 Rc3+ 26. Ke2 Bb5+
27. Kd1 Ra3 28. e4 Ba4+ 29. Kc1 f5 30. d5+ Kf6 31. e5+ Kg6 32. h3 h6 33. g4 Rxf3
34. gxf5+ Kxf5 35. Bg3 Ba3+ 36. Kd2 Rb3 37. e6 Bb4+ 38. Ke2 Bb5+ 39. Kd1 Rb1+
40. Kc2 Re1 41. e7 Ba4+ 42. Kb2 Re2+ 43. Kc1 Ba3+ 44. Kb1 Bb3 45. e8=Q Rxe8 46.
Rc1 Bxc1 47. Kxc1 Bxd5 48. Kd2 h5 49. Kd3 Bf3 50. h4 Kg4 51. Kd4 Re1 52. Kc5 Rg1
53. Kd6 Rxg3 54. Ke5 Rg2 0-1

[Event "Titled Tue 10th Jun Late"]
[Site "chess.com INT"]
[Date "2025.06.10"]
[Round "3"]
[White "Drygalov, Sergey"]
[Black "Mekhitarian, Krikor Sevag"]
[Result "1-0"]
[WhiteTitle "GM"]
[BlackTitle "GM"]
[WhiteElo "2560"]
[BlackElo "2564"]
[WhiteFideId "24171743"]
[BlackFideId "2107660"]
[EventDate "2025.06.10"]

1. d4 Nf6 2. c4 g6 3. Nc3 d5 4. cxd5 Nxd5 5. e4 Nxc3 6. bxc3 Bg7 7. Nf3 c5 8.
Be3 Qa5 9. Qd2 O-O 10. Rc1 Bg4 11. d5 b5 12. Be2 Nd7 13. O-O Rac8 14. h3 Bxf3
15. gxf3 c4 16. f4 Nc5 17. e5 Rfd8 18. Rfd1 Qc7 19. Bg4 Rb8 20. Bxc5 Qxc5 21.
Bf3 Bh6 22. Qe3 Rbc8 23. Rd4 a6 24. Kg2 Qa3 25. Rc2 Qc5 26. h4 a5 27. h5 Rc7 28.
Qe4 Qb6 29. Rcd2 Rcd7 30. Bg4 Ra7 31. d6 e6 32. a4 bxa4 33. Rxc4 a3 34. Qe3 Qa6
35. Be2 Rb7 36. Rc7 Qb6 37. Qxb6 Rxb6 38. c4 Bxf4 39. Rc2 Bxe5 40. c5 Rb2 41.
Rxb2 Bxb2 42. Bc4 Kg7 43. Bxe6 Kf6 44. Ba2 gxh5 45. Rxf7+ Ke5 46. Re7+ Kd4 47.
c6 Rxd6 48. Rd7 1-0

[Event "Titled Tue 10th Jun Late"]
[Site "chess.com INT"]
[Date "2025.06.10"]
[Round "3"]
[White "Jarmula, Lukasz"]
[Black "Sanal, Vahap"]
[Result "1-0"]
[WhiteTitle "GM"]
[BlackTitle "GM"]
[WhiteElo "2440"]
[BlackElo "2564"]
[WhiteFideId "1160664"]
[BlackFideId "6300545"]
[EventDate "2025.06.10"]

1. Nf3 d5 2. g3 Bg4 3. Bg2 c6 4. O-O Nd7 5. d3 e6 6. e4 Ngf6 7. Qe1 dxe4 8. dxe4
Bc5 9. h3 Bxf3 10. Bxf3 O-O 11. Bg2 a5 12. Kh2 a4 13. a3 Qc7 14. Nd2 e5 15. Nc4
b5 16. Ne3 Rfd8 17. Nf5 g6 18. Ne3 Nf8 19. Qe2 Ne6 20. c3 Kg7 21. Bd2 h5 22.
Rad1 h4 23. Ng4 Nxg4+ 24. Qxg4 Qe7 25. Bc1 Rxd1 26. Qxd1 Rd8 27. Qg4 Qf6 28.
gxh4 Rh8 29. Bg5 Nxg5 30. hxg5 Qd8 31. Rd1 Qe7 32. Kg1 Bb6 33. Rd7 Qe8 34. Rb7
Bc5 35. h4 Qd8 36. Qe6 Qd1+ 37. Bf1 Bxf2+ 38. Kg2 Rf8 39. Qf6+ Kg8 40. Qxf2 Qg4+
41. Kh2 Qxe4 42. Bg2 Qc4 43. Rc7 e4 44. Qd4 Qe2 45. Qxe4 Qxb2 46. Rxc6 Qxa3 47.
Rxg6+ fxg6 48. Qxg6+ Kh8 49. Qh6+ Kg8 50. Bd5+ Rf7 51. Qg6+ Kh8 52. Qh5+ Rh7 53.
Qe8+ Kg7 54. Qg8# 1-0

[Event "Titled Tue 10th Jun Late"]
[Site "chess.com INT"]
[Date "2025.06.10"]
[Round "3"]
[White "Shearsby, Jude"]
[Black "Ragger, Markus"]
[Result "0-1"]
[WhiteTitle "CM"]
[BlackTitle "GM"]
[WhiteElo "2160"]
[BlackElo "2566"]
[WhiteFideId "462527"]
[BlackFideId "1610856"]
[EventDate "2025.06.10"]

1. a4 e5 2. e4 Nf6 3. Nc3 Nc6 4. Bc4 Nxe4 5. Nxe4 d5 6. Bd3 dxe4 7. Bxe4 Bd6 8.
Nf3 O-O 9. O-O f5 10. Bd5+ Kh8 11. d3 Ne7 12. Bb3 Qe8 13. Re1 Nc6 14. d4 e4 15.
d5 Ne5 16. Nxe5 Qxe5 17. f4 Bc5+ 18. Kh1 Qf6 19. Be3 Bxe3 20. Rxe3 Qxb2 21. c3
Qf2 22. Qd4 Qh4 23. Qc5 Qd8 24. Rd1 Qd6 25. Qd4 Bd7 26. Rg3 Rf6 27. Qe5 Re8 28.
Qxd6 Rxd6 29. c4 Rb6 30. c5 Rxb3 31. c6 Rxg3 32. cxd7 Rd8 33. hxg3 Rxd7 34. Kg1
Kg8 35. Kf2 c6 36. d6 Kf7 37. Ke3 Ke6 38. Rh1 g6 39. g4 fxg4 40. Kxe4 Kxd6 41.
Rd1+ Ke6 42. Rb1 b6 43. a5 b5 44. Ra1 c5 45. Rc1 c4 46. f5+ gxf5+ 47. Kf4 Rc7
48. a6 c3 49. Kg5 c2 50. g3 b4 51. Rh1 b3 52. Rh6+ Ke5 53. Rh5 c1=Q+ 54. Kh4
Qh1+ 55. Kg5 Qxh5+ 56. Kxh5 Rg7 57. Kh6 Kf6 58. Kh5 b2 59. Kh6 b1=Q 60. Kh5 Qh1# 0-1

[Event "Titled Tue 10th Jun Late"]
[Site "chess.com INT"]
[Date "2025.06.10"]
[Round "3"]
[White "Donoso Aguirre, Maximiliano"]
[Black "Novosel, Lovro"]
[Result "1-0"]
[WhiteTitle "CM"]
[BlackTitle "FM"]
[WhiteElo "2050"]
[BlackElo "2338"]
[WhiteFideId "3458920"]
[BlackFideId "14547120"]
[EventDate "2025.06.10"]

1. e4 c6 2. Nc3 d5 3. Nf3 g6 4. exd5 cxd5 5. d4 Nc6 6. h3 Bg7 7. Bb5 Nf6 8. O-O
O-O 9. Bxc6 bxc6 10. Na4 Ne4 11. Re1 e6 12. Bd2 Rb8 13. b3 c5 14. Be3 Bd7 15.
Nxc5 Nxc5 16. dxc5 Bxa1 17. Qxa1 f6 18. Bh6 Rf7 19. Qd4 Qa5 20. c6 Bc8 21. a4
Qd8 22. c4 Rxb3 23. cxd5 e5 24. Qc4 Rb8 25. Rc1 Qd6 26. Be3 a5 27. Bc5 Qc7 28.
Ba3 Qa7 29. d6 Ba6 30. Qe6 Kg7 31. c7 Rbf8 32. c8=Q Bxc8 33. Rxc8 Rxc8 34. Qxc8
Qd7 35. Qc4 Qb7 36. Qe6 Rd7 37. Kh2 Qc6 38. Nxe5 fxe5 39. Qxe5+ Kf7 40. Qxa5 Qe4
41. Qb5 Ke6 42. f3 Qf5 43. Qc4+ Qd5 44. Qe2+ Qe5+ 45. Qxe5+ Kxe5 46. Kg3 Kd5 47.
a5 Ra7 48. Bb4 Kc4 49. Bd2 Kc5 50. Be3+ Kxd6 51. Bxa7 Kc6 52. Bb6 Kb5 1-0

[Event "Titled Tue 10th Jun Late"]
[Site "chess.com INT"]
[Date "2025.06.10"]
[Round "3"]
[White "Arabidze, Meri"]
[Black "Nalbandyan, Vahan"]
[Result "0-1"]
[WhiteTitle "IM"]
[BlackTitle "CM"]
[WhiteElo "2440"]
[BlackElo "2155"]
[WhiteFideId "13604040"]
[BlackFideId "13309439"]
[EventDate "2025.06.10"]

1. d4 d5 2. c4 e6 3. Nc3 Nf6 4. cxd5 Nxd5 5. e4 Nxc3 6. bxc3 c5 7. Rb1 cxd4 8.
cxd4 Nc6 9. Nf3 Bb4+ 10. Bd2 Bxd2+ 11. Qxd2 O-O 12. Bc4 a6 13. a4 Qa5 14. d5
Qxd2+ 15. Nxd2 Nd4 16. O-O b5 17. axb5 axb5 18. Bd3 Ra3 19. Bxb5 Nxb5 20. Nc4
Rc3 21. Nb6 Nd4 22. d6 Rd8 23. Rfd1 Rxd6 24. Na4 Rcc6 25. e5 Rd8 26. h4 Kf8 27.
Kh2 Ke7 28. f4 Nf5 29. h5 Rxd1 30. Rxd1 Rc4 31. Nb6 Rc6 32. Na4 Bd7 33. Nb2 Rb6
34. Nd3 Rc6 35. Kh3 Rc3 36. g3 Ba4 37. Rd2 Bc6 38. Nb4 Rxg3+ 39. Kh2 Rc3 40. h6
gxh6 41. Ra2 Bd7 42. Ra7 Rc4 43. Na6 Rxf4 44. Nc5 Rd4 45. Rb7 Rd5 46. Na6 Rxe5
47. Nb8 Re2+ 48. Kg1 Rd2 49. Nc6+ Kf6 50. Nd8 Nh4 51. Kh1 Nf3 52. Rb2 Rxb2 53.
Nxe6 Rh2# 0-1